| 000 | 00942nam a22002177a 4500 | ||
|---|---|---|---|
| 999 |
_c21968 _d21968 |
||
| 003 | AR-CdUCM | ||
| 008 | 190425b ||||| |||| 00| 0 spa d | ||
| 040 |
_aMUNICIPALIDAD PROVINCIAL DEL CUSCO _cBIBLIOTECA MUNICIPAL DEL CUSCO |
||
| 082 | _aEleconom/N° 3/1993 | ||
| 110 |
_aUniversidad Nacional de San Antonio Abad del Cusco _915942 |
||
| 245 |
_aEl Economista / _cDirección del Programa Académico de Economía |
||
| 260 |
_aCusco : _bDirección del Programa Académico de Economía, _c1993. |
||
| 300 |
_a17 hojas. : _c29 cm. |
||
| 440 |
_aEl Economista. _nNúmero 3, año 1993 _947013 |
||
| 505 | _aContenido: PBI, RIN, Inflación, efectos de la inflación, tipo de cambio, déficit fiscal. -- Sombras de la regionalización. Gallegos. -- Constitución Liberalista. Gallegos. | ||
| 650 |
_aEconomía _9382 |
||
| 650 |
_aRegionalización _93473 |
||
| 700 |
_aPaliza Gallegos, Luis Alberto _923827 |
||
| 942 |
_2ddc _cPP |
||
| 945 | _avhl | ||